Meilleur buteur du FC Lorient - Statistiques

Statistiques générales
  • Ce quiz a été pris 116 fois
  • Le résultat moyen est 6 sur 15
Statistiques - réponses
But Joueur % Correct
23 but Terem Moffi
92%
56 but Kévin Gameiro
86%
50 but Jean-Claude Darcheville
56%
37 but Yoanne wissa
56%
48 but Pierre-Yves Hamel
49%
25 but Majeed Waris
48%
33 but Bakari Koné
43%
26 but Rafik Saïfi
28%
34 but Elie Kroupi
22%
20 but Ulrich Le Pen
18%
22 but Benjamin Jeannot
17%
33 but Jérémie Aladière
16%
21 but Patrice Loko
9%
26 but Benjamin Boukandjo
7%
20 but Tchiressoua Guel
3%
Aucun quiz correspondant
Distribution des résultats
% des personnes avec chaque résultat
Percentile par nombre de réponses
Votre historique - résultats
Vous n’avez pas pris ce quiz